<?xml version="1.0" encoding="UTF-8"?><marc:collection xmlns:marc="http://www.loc.gov/MARC21/slim">
  <marc:record>
    <marc:leader>00000nam##2200000za#4500</marc:leader>
    <marc:controlfield tag="001">9.647914</marc:controlfield>
    <marc:controlfield tag="003">CaOODSP</marc:controlfield>
    <marc:controlfield tag="005">20210615112840</marc:controlfield>
    <marc:controlfield tag="007">ta</marc:controlfield>
    <marc:controlfield tag="008">150407|1997||||xxc|||||     f|0| 0 eng|d</marc:controlfield>
    <marc:datafield tag="020" ind1=" " ind2=" ">
      <marc:subfield code="a">0-662-29538-2</marc:subfield>
    </marc:datafield>
    <marc:datafield tag="040" ind1=" " ind2=" ">
      <marc:subfield code="a">CaOODSP</marc:subfield>
      <marc:subfield code="b">eng</marc:subfield>
    </marc:datafield>
    <marc:datafield tag="043" ind1=" " ind2=" ">
      <marc:subfield code="a">n-cn---</marc:subfield>
    </marc:datafield>
    <marc:datafield tag="086" ind1="1" ind2=" ">
      <marc:subfield code="a">NE23-91/1997E</marc:subfield>
    </marc:datafield>
    <marc:datafield tag="110" ind1="1" ind2=" ">
      <marc:subfield code="a">Canada. </marc:subfield>
      <marc:subfield code="b">National Energy Board.</marc:subfield>
    </marc:datafield>
    <marc:datafield tag="245" ind1="1" ind2="0">
      <marc:subfield code="a">Sable gas projects : </marc:subfield>
      <marc:subfield code="b">the joint public review panel report </marc:subfield>
    </marc:datafield>
    <marc:datafield tag="260" ind1=" " ind2=" ">
      <marc:subfield code="a">Ottawa - Ontario : </marc:subfield>
      <marc:subfield code="b">National Energy Board </marc:subfield>
      <marc:subfield code="c">1997.</marc:subfield>
    </marc:datafield>
    <marc:datafield tag="300" ind1=" " ind2=" ">
      <marc:subfield code="a">139p. : </marc:subfield>
      <marc:subfield code="b">figs., maps, tables ; </marc:subfield>
      <marc:subfield code="c">28 cm.</marc:subfield>
    </marc:datafield>
    <marc:datafield tag="500" ind1=" " ind2=" ">
      <marc:subfield code="a">"Since the early 1970's significant accumulations of natural gas have been discovered on the Scotian Shelf near Sable Island. Six natural gas fields have been initially identified for development... The Sable Offshore Energy Project (SOEP), a consortium consisting of Mobil Oil Canada Properties Limited, Shell Canada Limited, Imperial Oil Resources Limited, and Nova Scotia Resources Limited, plans to develop these six fields... The Maritimes and Northeast Pipeline Project (M&amp;NPP) proposal will transport the processed natural gas... Given that each jurisdiction required a public review of both projects... the outcome was the Agreement for a Joint Public Review of the Proposed Sable Gas Projects forged among the Ministers of Environment for Canada and Nova Scotia, the Ministers of Natural Resources for Canada and Nova Scotia, the Chairman of the National Energy Board and the Acting Chief Executive Officer of the Canada-Nova Scotia Offshore Petroleum Board)... The M&amp;NPP proposal was added in October 1996."--Introduction.</marc:subfield>
    </marc:datafield>
    <marc:datafield tag="520" ind1="3" ind2=" ">
      <marc:subfield code="a">Since the early 1970's significant accumulations of natural gas have been discovered on the Scotian Shelf near Sable Island. Six natural gas fields have been initially identified for development... The Sable Offshore Energy Project (SOEP), a consortium consisting of Mobil Oil Canada Properties Limited, Shell Canada Limited, Imperial Oil Resources Limited, and Nova Scotia Resources Limited, plans to develop these six fields... The Maritimes and Northeast Pipeline Project (M&amp;NPP) proposal will transport the processed natural gas... Given that each jurisdiction required a public review of both projects... the outcome was the Agreement for a Joint Public Review of the Proposed Sable Gas Projects forged among the Ministers of Environment for Canada and Nova Scotia, the Ministers of Natural Resources for Canada and Nova Scotia, the Chairman of the National Energy Board and the Acting Chief Executive Officer of the Canada-Nova Scotia Offshore Petroleum Board)... The M&amp;NPP proposal was added in October 1996.--Introduction</marc:subfield>
    </marc:datafield>
    <marc:datafield tag="563" ind1=" " ind2=" ">
      <marc:subfield code="a">Softcover</marc:subfield>
    </marc:datafield>
    <marc:datafield tag="590" ind1=" " ind2=" ">
      <marc:subfield code="a">00-44</marc:subfield>
      <marc:subfield code="b">2000-11-03</marc:subfield>
    </marc:datafield>
    <marc:datafield tag="690" ind1="0" ind2="7">
      <marc:subfield code="a">Offshore drilling</marc:subfield>
      <marc:subfield code="2">gcpds</marc:subfield>
    </marc:datafield>
    <marc:datafield tag="690" ind1="0" ind2="7">
      <marc:subfield code="a">Pipelines</marc:subfield>
      <marc:subfield code="2">gcpds</marc:subfield>
    </marc:datafield>
    <marc:datafield tag="690" ind1="0" ind2="7">
      <marc:subfield code="a">Environmental impact</marc:subfield>
      <marc:subfield code="2">gcpds</marc:subfield>
    </marc:datafield>
    <marc:datafield tag="775" ind1="0" ind2="8">
      <marc:subfield code="t">Projets gaziers de l'île de Sable : </marc:subfield>
      <marc:subfield code="w">(CaOODSP)9.681295</marc:subfield>
    </marc:datafield>
    <marc:datafield tag="776" ind1="0" ind2="#">
      <marc:subfield code="t">The Joint Public Review Panel report, Sable gas projects / </marc:subfield>
      <marc:subfield code="w">(CaOODSP)9.695991</marc:subfield>
    </marc:datafield>
  </marc:record>
</marc:collection>
